000 00492nam a2200193Ia 4500
008 101110s9999 xx 000 0 und d
041 _aENGLISH
082 _bSR9825
_a338
100 _aKuchhal S.C.
245 _aIndustrial Economy of India 10th ed.
365 _b20
520 _aEconomics
546 _aENGLISH
630 _aIndustrial Economy of India 10th ed.
650 _aEconomics
655 _aEconomics
730 _aIndustrial Economy of India 10th ed.
942 _cBOOK
999 _c804861
_d804858